Statistics for 近鉄の駅かつ快速停車駅

Click here to take the quiz!

General Stats

  • This quiz has been taken 59 times
  • The average score is 8 of 10

Answer Stats

快速の主な行き先駅名% Correct
鳥羽
100%
名古屋桑名
94%
鳥羽松阪
87%
鳥羽伊勢市
87%
加古川,網干,園部,奈良京都
87%
名古屋鳥羽
81%
天王寺王寺
81%
JR難波桜井
66%
JR難波天理
49%
JR難波吉野口
47%

Score Distribution

Percentile by Number Answered

Percent of People with Each Score

Your Score History

You have not taken this quiz